000 00858nam a2200265 a 4500
003 DO-SdBNP
005 20220114090505.0
008 220113e1992 dr ||||gr|||| 00| f spa d
040 _aDO-SdBNP
_bspa
_cBNPHU
082 4 _222
_aRD863.42
_bM358o, 1992
100 1 _aMarrero Aristy, Ramón,
_d1913-1959
_922324
245 1 0 _aOver :
_cRamón Marrero Aristy.
_bnovela /
250 _a15a. ed.
260 _aSanto Domingo :
_bTaller,
_c1992
300 _a224 p. ;
_c21 cm.
490 _aBiblioteca Taller ;
_v14
500 _aIncluye datos biográficos del autor.
590 _aInventariado, 2022 / MF
650 0 _978813
_aLiteratura
_zRepública Dominicana
650 0 _953269
_aNovela Dominicana
_ySiglo XIX
650 0 _aNovelas
_zRepública Dominicana
_980933
830 _aBiblioteca Taller ;
_lspa
_n14
_980929
910 _aMFéliz
942 _2ddc
_cLBS1
999 _c51164
_d51164